00689nam a2200157Ia 4500008004100000082001800041100001900059245005800078260009600136300001100232440002700243600005100270650010100321952009200422999001700514120622s9999 xx 000 0 und d a370.972 A958j aAviles, René aJuárez y la educación en México / René Aviles aMéxico : Sociedad Mexicana de Geografía y Estadísca : Federación Editorial Mexicana a171 p. aPensamiento actual ; 6 a1. JUAREZ, BENITO, 1806-1872 - CRITICA TEXTUAL a2. EDUCACION - MEXICO - HISTORIA \ 3. MEXICO - HISTORIA - CONSTITUCION Y REFORMA, 1855 - 1863Ì 00104070a01b01d2007-01-25l0o370.972 A958Jp01 009034r2012-06-24w2012-06-24yLB c58749d58749